Станции метро Новосибирска - Statistics

General Stats
  • This quiz has been taken 35 times
  • The average score is 9 of 13
Answer Stats
Answer % Correct
Красный проспект
89%
Речной вокзал
82%
Студенческая
75%
Заельцовская
71%
Золотая нива
71%
Площадь Маркса
68%
Гагаринская
64%
Октябрьская
61%
Площадь Ленина
57%
Сибирская
57%
Берёзовая роща
57%
Площадь Гарина-Михайловского
54%
Маршала Покрышкина
50%
No matching quizzes found
Score Distribution
Percent of People with Each Score
Percentile by Number Answered
Your Score History
You have not taken this quiz